|
|
|
|
| LEADER |
00000nam a22000007a 4500 |
| 005 |
20151022133446.0 |
| 007 |
cr|||| ||u| |
| 008 |
151022s2015 cu ||||| |||| 00||0 spa | |
| 020 |
|
|
|a 978-959-7219-28-6
|
| 035 |
|
|
|a 12912
|
| 040 |
|
|
|a vLex
|
| 090 |
|
|
|c 5619
|d 5619
|
| 100 |
1 |
|
|a Přez Duharte, Arln̕
|
| 245 |
1 |
4 |
|a Las Ciencias Penales y Criminolg̤icas frente al espejo del tiempo
|h [Recurso electrn̤ico] /
|c Arln̕ Přez Duharte
|
| 256 |
|
|
|a Servicio en ln̕ea
|
| 260 |
|
|
|a Cuba
|b Unin̤ Nacional de Juristas de Cuba
|c 2015
|
| 300 |
|
|
|a 1 recurso electrn̤ico
|
| 506 |
1 |
|
|a Contenido solo disponible en los productos indicados
|d vLex Global
|d vLex Global (Academic Edition, excluding Law Schools)
|d vLex Global (U.S. Academic Edition, Law Schools)
|d vLex Global (U.S. Academic Edition, excluding Law Schools)
|d vLex Global (Academic Edition, Law Schools)
|
| 650 |
0 |
4 |
|a Derecho penal
|z Cuba
|
| 740 |
0 |
|
|a vLex libros (servicio en ln̕ea)
|
| 856 |
4 |
0 |
|u http://vlex.com/source/ciencias-penales-y-criminologicas-frente-al-espejo-del-tiempo-12912
|z Acceso restringido
|
| 942 |
|
|
|c BOOK
|
| 999 |
0 |
|
|a Criminal law
|